Performance Differences Between Domestic and Foreign Owned Firms

Analýza výkonnostných rozdielov medzi domácimi a zahraničnými firmami pôsobiacich v kovovom priemysle na Slovensku v rokoch 2009-2017. Použitie regresnej analýzy a dvoj vzorkového t-testu.

Guardado en:
Detalles Bibliográficos
Autor principal: Bobenič Hintošová, Aneta, 1979-
Formato: Capítulo de libro
Lenguaje:inglés
Materias:
Etiquetas: Agregar Etiqueta
Sin Etiquetas, Sea el primero en etiquetar este registro!

MARC

LEADER 00000naa$a2200000$$$4500
001 0260954
005 20240717090559.9
041 0 |a eng 
044 |a CZ 
245 1 0 |a Performance Differences Between Domestic and Foreign Owned Firms  |c Aneta Bobenič Hintošová 
520 |a Analýza výkonnostných rozdielov medzi domácimi a zahraničnými firmami pôsobiacich v kovovom priemysle na Slovensku v rokoch 2009-2017. Použitie regresnej analýzy a dvoj vzorkového t-testu. 
610 2 0 |a investície priame zahraničné 
610 2 0 |a firmy 
610 2 0 |a výkonnosť podniku 
610 2 0 |a kovy 
610 2 0 |a mzdy 
610 2 0 |a produktivita práce 
100 1 |a Bobenič Hintošová, Aneta, 1979-